| 000 | 00760aam a2200277 4500 | ||
|---|---|---|---|
| 005 | 20231023181206.0 | ||
| 008 | 150901b1995 xxu||||| |||| 00| 0 spa d | ||
| 020 | _a9789701501016 | ||
| 041 | _aESP | ||
| 082 | _a621.382.75 J37c | ||
| 100 |
_aAguilar Jardon, Hildeberto _920182 |
||
| 100 |
_aMiranda Linares, Roberto _920183 |
||
| 245 | _aSistemas de comunicaciones por fibras ópticas | ||
| 260 | _aMéxico | ||
| 260 | _bAlfaomega | ||
| 260 | _c1995 | ||
| 300 | _a261 páginas | ||
| 650 | _aFIBRA ÓPTICA | ||
| 650 | _aSISTEMA DE COMUNICACIONES | ||
| 650 | _aCONECTOR | ||
| 650 | _aFUENTES ÓPTICAS | ||
| 650 | _aTRANSISTORES ÓPTICOS | ||
| 650 | _aRECEPTORES ÓPTICOS | ||
| 942 |
_cBK _2ddc |
||
| 999 |
_c701 _d701 |
||